| 000 | 00862nam a22001937a 4500 | ||
|---|---|---|---|
| 999 |
_c59183 _d59183 |
||
| 003 | Ge_BSU | ||
| 005 | 20221202120950.0 | ||
| 008 | 221202s1987ge xxu||||| |||| 00| 0 geo d | ||
| 041 | _ageo | ||
| 080 | _a821.353.1-94 : 001(479.22)(092) დ-92 | ||
| 100 |
_aდურმიშიძე, სერგი, ავტორი. _916315 |
||
| 245 |
_aზოგი რამ წარსულიდან / _cსერგი დურმიშიძე ; რედ : ლ. გაბუნია. |
||
| 264 |
_aთბილისი : _b მეცნიერება, _c1987. |
||
| 300 |
_a589 გვ. _b22 სმ. |
||
| 653 | _aქართველი მეცნიერები. | ||
| 700 |
_a გაბუნია, ლ _eრედაქტორი _916316 |
||
| 711 |
_aსაქ. სსრ მეცნ. აკადემია. _94643 |
||
| 942 |
_2udc _cBK |
||